Faculty of Law Library — Cairo University

Official Online Catalog

Criminal Justice In Cleveland : (Record no. 73700)

MARC details
000 -LEADER
fixed length control field 01888nam a2200445 i 4500
003 - CONTROL NUMBER IDENTIFIER
control field EG-GICUC
005 - DATE AND TIME OF LATEST TRANSACTION
control field 20260427132333.0
008 - FIXED-LENGTH DATA ELEMENTS--GENERAL INFORMATION
fixed length control field 260427s1922 -usado|fr|||| 001 0 eng d
040 ## - CATALOGING SOURCE
Original cataloging agency EG-GiCUC
Language of cataloging eng
Transcribing agency EG-GiCUC
Modifying agency EG-GiCUC
Description conventions rda
041 0# - LANGUAGE CODE
Language code of text/sound track or separate title eng
082 04 - DEWEY DECIMAL CLASSIFICATION NUMBER
Edition number 21
Classification number 343
Item number FO . C
092 04 - LOCALLY ASSIGNED DEWEY CALL NUMBER (OCLC)
Edition number 21
099 ## - LOCAL FREE-TEXT CALL NUMBER (OCLC)
Classification number Law1 10 343 FO . C 1922
100 1# - MAIN ENTRY--PERSONAL NAME
Personal name Fosdick, Raymond
Relator term Author.
245 10 - TITLE STATEMENT
Title Criminal Justice In Cleveland :
Remainder of title Reports Of The Cleveland Foundation Survey Of The Administration Of Criminal Justice In Cleveland, Ohio /
Statement of responsibility, etc. By Raymond Fosdick, Reginald Heber Smith, And Herbert B. Ehrmann Alfred Bettman, And Howard F. Burns, Burdette G. Lewis, Dr. Herman M. Adle,r Albert M. Kales, M. K. Wisehart, Felix Frankfurter, And Roscoe Pound; Directed And Edited By Roscoe Pound And Felix Frankfurter.
264 #1 - PRODUCTION, PUBLICATION, DISTRIBUTION, MANUFACTURE, AND COPYRIGHT NOTICE
Place of production, publication, distribution, manufacture Ohio :
Name of producer, publisher, distributor, manufacturer The Cleveland Foundation Cleveland,
Date of production, publication, distribution, manufacture, or copyright notice 1922.
300 ## - PHYSICAL DESCRIPTION
Extent 729 pages :
Other physical details illustrations,
Dimensions 24 cm
336 ## - CONTENT TYPE
Source rda content
Content type term text
337 ## - MEDIA TYPE
Source rda media
Media type term Computer
338 ## - CARRIER TYPE
Source rda carrier
Carrier type term Online Resource
500 ## - GENERAL NOTE
General note <br/>
504 ## - BIBLIOGRAPHY, ETC. NOTE
Bibliography, etc. note Includes bibliographical references and index.<br/><br/>
546 ## - LANGUAGE NOTE
Language note Text in English
650 1# - SUBJECT ADDED ENTRY--TOPICAL TERM
Topical term or geographic name entry element Criminal law
700 1# - ADDED ENTRY--PERSONAL NAME
Personal name Smith , Reginald Heber
Relator term joint author.
700 1# - ADDED ENTRY--PERSONAL NAME
Personal name Ehrmann , Herbert B
Relator term joint author.
700 1# - ADDED ENTRY--PERSONAL NAME
Personal name Bettman , Alfred
Relator term joint author.
700 1# - ADDED ENTRY--PERSONAL NAME
Personal name Burns , Howard F
Relator term joint author.
700 1# - ADDED ENTRY--PERSONAL NAME
Personal name Lewis, Burdette G.
Relator term joint author.
700 1# - ADDED ENTRY--PERSONAL NAME
Personal name Adler , Herman M
Relator term joint author.
700 1# - ADDED ENTRY--PERSONAL NAME
Personal name Kales , Albert M
Relator term joint author.
700 1# - ADDED ENTRY--PERSONAL NAME
Personal name Wisehart , M. K.
Relator term joint author.
700 1# - ADDED ENTRY--PERSONAL NAME
Personal name Frankfurter , Felix
Relator term joint author.
700 1# - ADDED ENTRY--PERSONAL NAME
Personal name Pound , Roscoe
Relator term joint author.
700 1# - ADDED ENTRY--PERSONAL NAME
Personal name Pound , Roscoe
Relator term editor.
700 1# - ADDED ENTRY--PERSONAL NAME
Personal name Frankfurter, Felix
Relator term joint author.
856 40 - ELECTRONIC LOCATION AND ACCESS
Uniform Resource Identifier <a href="https://fll.law.cu.edu.eg/fulltext/bks/B10-11963.pdf">https://fll.law.cu.edu.eg/fulltext/bks/B10-11963.pdf</a>
905 ## - Cataloger and Reviser Names
Cataloger Name: Basma Mohamed
942 ## - ADDED ENTRY ELEMENTS (KOHA)
Source of classification or shelving scheme Dewey Decimal Classification
Suppress in OPAC No
Koha item type Books
Edition 21
Holdings
Withdrawn status Lost status Source of classification or shelving scheme Damaged status Not for loan Collection Home library Current library Date acquired Total checkouts Full call number Barcode Date last seen Copy number Price effective from Koha item type
    Dewey Decimal Classification   Not for loan القانون الجنائي جــــامعة القــاهرة مكتبة كلية الحقوق - المبنى الرئيسي 27.04.2026   Law1 10 343 FO . C 1922 1011963 C1 B10-11963 27.04.2026 1 27.04.2026 Books

© All rights reserved — Faculty of Law, Cairo University